[Event "Bad Woerishofen op"]
[Site "?"]
[Date "2003.??.??"]
[Round "1"]
[White "Hoennekes, Klaus"]
[Black "Korneev, Oleg"]
[Result "0-1"]
[WhiteElo "2089"]
[BlackElo "2613"]
[Annotator "ChessOrg"]
[PlyCount "62"]

1. e4 e5 2. f4 d5 3. exd5 exf4 4. Nf3 Nf6 5. Bc4 Nxd5 6. Bxd5 Qxd5 7. Nc3 Qf5
8. O-O Bd6 9. Re1+ Be6 10. Ne4 O-O 11. Nxd6 cxd6 12. d3 Nc6 13. Bd2 Rfe8 14.
Re4 g5 15. h4 Bd5 16. Nxg5 Bxe4 17. dxe4 Qf6 18. Bc3 Ne5 19. Bxe5 dxe5 20. Kh1
Rad8 21. Qe2 h6 22. Nf3 Kh7 23. Rd1 Rxd1+ 24. Qxd1 Rd8 25. Qe2 Qa6 26. c4 Qd6
27. Kh2 Qd3 28. Qe1 Rg8 29. Nxe5 Qe3 30. Nf3 Qxe1 31. Nxe1 Re8 0-1

[Event "Bad Woerishofen op"]
[Site "?"]
[Date "2003.??.??"]
[Round "1"]
[White "Kengis, Edvins"]
[Black "Schmitzer, Peter"]
[Result "1-0"]
[WhiteElo "2578"]
[BlackElo "2089"]
[Annotator "ChessOrg"]
[PlyCount "65"]

1. Nf3 Nf6 2. g3 g6 3. c4 Bg7 4. Bg2 c5 5. d4 cxd4 6. Nxd4 O-O 7. Nc3 Nc6 8.
Nc2 d6 9. O-O Bd7 10. b3 Qa5 11. Bd2 Qh5 12. e4 Bg4 13. f3 Bh3 14. Qe2 Bxg2 15.
Kxg2 Qa5 16. Rad1 Qc7 17. Ne3 Rac8 18. Ncd5 Nxd5 19. Nxd5 Qb8 20. Bg5 Rfe8 21.
Qd2 f6 22. Be3 Ne5 23. Nf4 Nf7 24. Ne6 b6 25. Qd5 Kh8 26. h4 Nd8 27. h5 Nxe6
28. Qxe6 g5 29. h6 Bf8 30. f4 gxf4 31. Rxf4 Bxh6 32. Rh4 d5 33. Rxh6 1-0

[Event "Bad Woerishofen op"]
[Site "?"]
[Date "2003.??.??"]
[Round "1"]
[White "Stierle, Martin"]
[Black "Georgiev, Vladimir"]
[Result "0-1"]
[WhiteElo "2088"]
[BlackElo "2549"]
[Annotator "ChessOrg"]
[PlyCount "86"]

1. d4 d6 2. c4 e5 3. dxe5 dxe5 4. Qxd8+ Kxd8 5. g3 c6 6. Bg2 a5 7. Nf3 f6 8.
Nc3 a4 9. Be3 Be6 10. Nd2 Bb4 11. Rc1 Nd7 12. O-O Ne7 13. f3 Kc7 14. a3 Ba5 15.
Rfd1 Rhd8 16. Nce4 Nf5 17. Bf2 Nd4 18. Bf1 Bxd2 19. Nxd2 Nc5 20. Bxd4 Rxd4 21.
e3 Rd7 22. Ne4 Rxd1 23. Rxd1 Nxe4 24. fxe4 Kb6 25. Kf2 Kc5 26. Rc1 Rd8 27. Ke1
Bf7 28. Rc3 h5 29. Bd3 h4 30. Kf2 hxg3+ 31. hxg3 Bh5 32. Kg2 Bd1 33. Kf2 g5 34.
Ke1 Bf3 35. b4+ axb3 36. Rxb3 b6 37. Kf2 Bd1 38. Rc3 Rh8 39. Kg2 g4 40. Bc2
Bf3+ 41. Kf2 Rh2+ 42. Kf1 Rh1+ 43. Kf2 Rc1 0-1

[Event "Bad Woerishofen op"]
[Site "?"]
[Date "2003.??.??"]
[Round "1"]
[White "Rotstein, Arkadij"]
[Black "Ries, Berthold"]
[Result "1-0"]
[WhiteElo "2544"]
[BlackElo "2087"]
[Annotator "ChessOrg"]
[PlyCount "57"]

1. e4 c5 2. Nf3 d6 3. d4 cxd4 4. Nxd4 Nf6 5. Nc3 a6 6. Be3 e5 7. Nb3 Be6 8. Be2
Be7 9. O-O Nbd7 10. f4 exf4 11. Rxf4 Ne5 12. Nd4 O-O 13. Nf5 Ng6 14. Rf2 b5 15.
Qd4 Ne8 16. Nd5 Bg5 17. Bxg5 Qxg5 18. Nc7 Nf6 19. Nxa8 Rxa8 20. Raf1 Ne8 21.
Rf3 Rc8 22. Rg3 Qd8 23. c3 Bxa2 24. h4 Bc4 25. Bxc4 Rxc4 26. Qf2 Rxe4 27. Nh6+
gxh6 28. Qxf7+ Kh8 29. Qf8+ 1-0

[Event "Bad Woerishofen op"]
[Site "?"]
[Date "2003.??.??"]
[Round "1"]
[White "Woerl, Richard"]
[Black "Kveinys, Aloyzas"]
[Result "0-1"]
[WhiteElo "2087"]
[BlackElo "2541"]
[Annotator "ChessOrg"]
[PlyCount "66"]

1. e4 c5 2. c3 Nf6 3. e5 Nd5 4. Bc4 e6 5. Bxd5 exd5 6. Qf3 d6 7. Qxd5 Nc6 8.
Nf3 dxe5 9. Qxd8+ Kxd8 10. O-O f6 11. d4 cxd4 12. Nbd2 dxc3 13. bxc3 Kc7 14. a4
Bf5 15. Re1 Rd8 16. a5 Rd3 17. Bb2 Be7 18. Nb3 Rhd8 19. a6 b6 20. h3 Bf8 21.
Nh4 Be6 22. Nd4 exd4 23. Rxe6 dxc3 24. Rc1 Rd1+ 25. Kh2 Bd6+ 26. Rxd6 Rxc1 27.
Rxc6+ Kxc6 28. Bxc1 Rd1 29. Be3 c2 30. Nf5 c1=Q 31. Bxc1 Rxc1 32. Nxg7 b5 33.
Nh5 b4 0-1

[Event "Bad Woerishofen op"]
[Site "?"]
[Date "2003.??.??"]
[Round "1"]
[White "Savchenko, Stanislav"]
[Black "Valent, Peter"]
[Result "1/2-1/2"]
[WhiteElo "2539"]
[BlackElo "2086"]
[Annotator "ChessOrg"]
[PlyCount "34"]

1. d4 Nf6 2. Nf3 e6 3. c4 Bb4+ 4. Bd2 Qe7 5. g3 Nc6 6. Nc3 e5 7. dxe5 Nxe5 8.
Nxe5 Qxe5 9. Bg2 O-O 10. O-O d6 11. Rc1 a6 12. a3 Bc5 13. b4 Ba7 14. e3 c6 15.
h3 Bf5 16. Qe2 Rfe8 17. Rfd1 Rad8 1/2-1/2

[Event "Bad Woerishofen op"]
[Site "?"]
[Date "2003.??.??"]
[Round "1"]
[White "Wiest, Georg"]
[Black "Teske, Henrik"]
[Result "0-1"]
[WhiteElo "2084"]
[BlackElo "2531"]
[Annotator "ChessOrg"]
[PlyCount "102"]

1. Nf3 d5 2. g3 c5 3. Bg2 Nc6 4. O-O Nf6 5. d3 Bg4 6. Nbd2 e6 7. e4 Be7 8. Re1
O-O 9. c3 b5 10. a3 a5 11. a4 b4 12. c4 dxe4 13. dxe4 Nd7 14. h3 Bxf3 15. Nxf3
Bf6 16. Qe2 Nd4 17. Nxd4 cxd4 18. e5 Nxe5 19. Bf4 Ng6 20. Bxa8 Nxf4 21. gxf4
Qxa8 22. Qd3 Rc8 23. b3 Rc5 24. Qe4 Qb8 25. Rad1 Rf5 26. Rxd4 Bxd4 27. Qxd4
Rxf4 28. Re4 Rf3 29. Re3 Rf5 30. Rd3 h5 31. Qd8+ Qxd8 32. Rxd8+ Kh7 33. Kg2 g5
34. Rb8 g4 35. Rb5 gxh3+ 36. Kxh3 Rxf2 37. Rxh5+ Kg6 38. Rxa5 Rf3+ 39. Kg2 Rxb3
40. Rb5 f5 41. c5 Kf6 42. c6 Ke7 43. c7 Kd7 44. Rc5 Kc8 45. Rc6 Re3 46. Kf2 Re5
47. Kf3 Re1 48. Kf2 Rb1 49. Rxe6 b3 50. Rb6 b2 51. Kg2 f4 0-1

[Event "Bad Woerishofen op"]
[Site "?"]
[Date "2003.??.??"]
[Round "1"]
[White "Miladinovic, Igor"]
[Black "Perman, Torvald"]
[Result "1-0"]
[WhiteElo "2526"]
[BlackElo "2083"]
[Annotator "ChessOrg"]
[PlyCount "83"]

1. d4 Nf6 2. Bg5 e6 3. e3 c5 4. c3 b6 5. Nd2 Bb7 6. Ngf3 Be7 7. Bxf6 Bxf6 8.
Bd3 Nc6 9. Qe2 d5 10. dxc5 bxc5 11. e4 O-O 12. e5 Be7 13. O-O Qc7 14. Rfe1 Rae8
15. Bb5 f6 16. c4 fxe5 17. Bxc6 Bxc6 18. Nxe5 Bd6 19. Nxc6 Qxc6 20. Nf3 Qa6 21.
b3 dxc4 22. Nd2 Bb8 23. Nxc4 Rf6 24. g3 Ref8 25. Nd2 Qc6 26. Ne4 Rf5 27. Rac1
Qb6 28. Qc4 a6 29. Re2 Ba7 30. Rd1 Rd5 31. Rxd5 exd5 32. Qxd5+ Kh8 33. Nd6 h6
34. Nf7+ Kh7 35. Re6 Qc7 36. Qf5+ Kg8 37. Nxh6+ gxh6 38. Rg6+ Qg7 39. Qe6+ Kh7
40. Rxg7+ Kxg7 41. Qxa6 Rf7 42. Qc4 1-0

[Event "Bad Woerishofen op"]
[Site "?"]
[Date "2003.??.??"]
[Round "1"]
[White "Plank, Peter"]
[Black "Levin, Felix"]
[Result "0-1"]
[WhiteElo "2083"]
[BlackElo "2523"]
[Annotator "ChessOrg"]
[PlyCount "42"]

1. e4 c5 2. Nf3 d6 3. d4 cxd4 4. Nxd4 Nf6 5. Nc3 Nc6 6. Be3 Ng4 7. Bc4 Nxe3 8.
fxe3 Ne5 9. Bb3 g6 10. O-O Bh6 11. Nd5 O-O 12. Nf5 gxf5 13. exf5 e6 14. fxe6
fxe6 15. Qh5 Bg7 16. Rxf8+ Bxf8 17. Rf1 exd5 18. Bxd5+ Kh8 19. Be4 h6 20. h3
Bd7 21. Rd1 Qg5 0-1

[Event "Bad Woerishofen op"]
[Site "?"]
[Date "2003.??.??"]
[Round "1"]
[White "Handke, Florian"]
[Black "Friedrich, Wolfgang"]
[Result "1-0"]
[WhiteElo "2516"]
[BlackElo "2079"]
[Annotator "ChessOrg"]
[PlyCount "49"]

1. e4 e6 2. d4 d5 3. Nc3 Bb4 4. Bd3 dxe4 5. Bxe4 Nf6 6. Bf3 c5 7. a3 Bxc3+ 8.
bxc3 Qc7 9. Ne2 Nbd7 10. O-O O-O 11. Rb1 Rd8 12. Bf4 Qa5 13. Qc1 Nd5 14. Bd6
Nxc3 15. Nxc3 Qxc3 16. Qg5 f6 17. Qg4 Nb6 18. dxc5 Nd5 19. Qh4 b5 20. Be4 h6
21. Rb3 Qc4 22. Rg3 g5 23. Rg4 Kg7 24. Qh5 f5 25. Be5+ 1-0

[Event "Bad Woerishofen op"]
[Site "?"]
[Date "2003.??.??"]
[Round "1"]
[White "Wallhof, Dieter"]
[Black "Jenni, Florian"]
[Result "1-0"]
[WhiteElo "2079"]
[BlackElo "2516"]
[Annotator "ChessOrg"]
[PlyCount "73"]

1. g3 e5 2. Bg2 d5 3. c3 c6 4. d4 e4 5. h4 Nf6 6. Nh3 Bf5 7. Bf4 Be7 8. Nd2 h6
9. Qb3 Qd7 10. Nf1 c5 11. dxc5 Nc6 12. Be3 O-O 13. Rd1 a5 14. a4 Rfd8 15. Nf4
Rac8 16. Bd4 Nxd4 17. cxd4 b6 18. Qxb6 Qxa4 19. Ne3 Rb8 20. Qc7 Qb4+ 21. Rd2
Rb7 22. Qe5 Be6 23. Nxe6 fxe6 24. Bh3 a4 25. Bxe6+ Kh8 26. g4 a3 27. bxa3 Qc3
28. O-O Qxd2 29. g5 Nd7 30. Qf5 Ra7 31. Nxd5 Rf8 32. Qg4 Nxc5 33. dxc5 Bxc5 34.
e3 Qb2 35. Nf4 Raa8 36. Ng6+ Kh7 37. Qxe4 1-0

[Event "Bad Woerishofen op"]
[Site "?"]
[Date "2003.??.??"]
[Round "1"]
[White "Gutman, Lev"]
[Black "Gerstner, Bernhard"]
[Result "1-0"]
[WhiteElo "2495"]
[BlackElo "2076"]
[Annotator "ChessOrg"]
[PlyCount "45"]

1. Nf3 Nf6 2. d4 e6 3. g3 d5 4. Bg2 Be7 5. O-O O-O 6. c4 dxc4 7. Qc2 a6 8. Bg5
c5 9. dxc5 Qc7 10. Qxc4 Qxc5 11. Nbd2 Nbd7 12. Rac1 Rd8 13. Rfd1 Qf5 14. e4 Qg4
15. h3 Qh5 16. g4 Qg6 17. Be3 h6 18. Nd4 e5 19. Nf5 Bf8 20. Qc7 Re8 21. Nc4 Re6
22. Ncd6 Ne8 23. Nxe8 1-0

[Event "Bad Woerishofen op"]
[Site "?"]
[Date "2003.??.??"]
[Round "1"]
[White "Taufratshofer, Martin"]
[Black "Kuprejchik, Victor"]
[Result "0-1"]
[WhiteElo "2074"]
[BlackElo "2490"]
[Annotator "ChessOrg"]
[PlyCount "72"]

1. Nf3 d5 2. c4 e6 3. e3 Nf6 4. b3 Be7 5. Bb2 O-O 6. Be2 c5 7. O-O Nc6 8. d4
dxc4 9. Bxc4 a6 10. Nbd2 Bd7 11. Rc1 cxd4 12. Nxd4 Qa5 13. a4 Rfd8 14. Qe2 Ne5
15. Rfd1 Rac8 16. Rc2 Bb4 17. Rdc1 Bxd2 18. Qxd2 Nxc4 19. bxc4 Qxd2 20. Rxd2
Ne4 21. Rd3 Bxa4 22. Ra3 Be8 23. f3 Nc5 24. Kf1 f6 25. Ke2 Kf7 26. Bc3 e5 27.
Nb3 Na4 28. Bb4 b6 29. Ra2 a5 30. Ba3 Bd7 31. Rd2 Be6 32. Rxd8 Rxd8 33. Nd2 Bc8
34. Ne4 Ba6 35. Nd6+ Ke6 36. e4 Rxd6 0-1

[Event "Bad Woerishofen op"]
[Site "?"]
[Date "2003.??.??"]
[Round "1"]
[White "Kritz, Leonid"]
[Black "Pitl, Jarno"]
[Result "1-0"]
[WhiteElo "2484"]
[BlackElo "2073"]
[Annotator "ChessOrg"]
[PlyCount "77"]

1. e4 e5 2. Nf3 Nc6 3. Bb5 d6 4. O-O Bg4 5. c3 a6 6. Ba4 b5 7. Bc2 Nf6 8. d4 g6
9. d5 Ne7 10. a4 Bg7 11. axb5 axb5 12. Rxa8 Qxa8 13. Na3 Bd7 14. Bd3 O-O 15.
Qe2 c6 16. dxc6 Bxc6 17. Re1 Rb8 18. Nc2 Nd7 19. Nb4 Nc5 20. Nxc6 Qxc6 21. Bb1
b4 22. Ba2 b3 23. Bb1 Nc8 24. h4 Nb6 25. h5 Ra8 26. hxg6 hxg6 27. Ng5 f6 28.
Nf3 Kf7 29. Nh4 Ne6 30. Bd3 Ra1 31. Rf1 Nf8 32. Bb5 Qc7 33. Qd1 Nbd7 34. Qxb3+
Ne6 35. Bc4 Ndc5 36. Qc2 g5 37. Nf5 Bf8 38. Qe2 Ke8 39. b4 1-0

[Event "Bad Woerishofen op"]
[Site "?"]
[Date "2003.??.??"]
[Round "1"]
[White "Frank, Albert"]
[Black "Kunin, Vitaly"]
[Result "0-1"]
[WhiteElo "2070"]
[BlackElo "2476"]
[Annotator "ChessOrg"]
[PlyCount "92"]

1. b3 d5 2. Bb2 Bg4 3. Nf3 Nf6 4. c4 e6 5. Ne5 Bf5 6. cxd5 exd5 7. g3 Nbd7 8.
Bg2 c6 9. O-O Be7 10. d3 Nxe5 11. Bxe5 Qd7 12. Re1 Bh3 13. Nd2 Bxg2 14. Kxg2
O-O 15. Rc1 Rfe8 16. Bd4 b6 17. Bxf6 Bxf6 18. Nf3 Re6 19. d4 Be7 20. Qd3 Rh6
21. h4 Bd6 22. e4 Bb4 23. Re2 Rd8 24. exd5 Qxd5 25. Re5 Qd7 26. Rf5 Bd6 27. Ng5
Rf8 28. Rf3 Be7 29. Ne4 Re6 30. Ng5 Bxg5 31. hxg5 Qd5 32. Rh1 g6 33. Qc4 Rd8
34. Qxd5 Rxd5 35. Rh6 Rxg5 36. Rd3 Kg7 37. Rh4 Re2 38. a4 Rf5 39. Rf3 Rxf3 40.
Kxf3 Rb2 41. Ke4 Rxb3 42. Ke5 Rb4 43. Kd6 Rc4 44. Kc7 f5 45. Rf4 Kf6 46. g4 Kg5
0-1

[Event "Bad Woerishofen op"]
[Site "?"]
[Date "2003.??.??"]
[Round "1"]
[White "Sandipan, Chanda"]
[Black "Heinicke, Wenke"]
[Result "1-0"]
[WhiteElo "2464"]
[BlackElo "2064"]
[Annotator "ChessOrg"]
[PlyCount "99"]

1. e4 g6 2. d4 Bg7 3. Nc3 d6 4. g3 a6 5. Bg2 Nc6 6. Nge2 Nf6 7. h3 O-O 8. O-O
e5 9. d5 Nb8 10. Be3 Kh8 11. Qd2 Ng8 12. f4 f5 13. fxe5 dxe5 14. Rad1 Qd6 15.
Na4 Nd7 16. c4 a5 17. c5 Qe7 18. Nec3 Ndf6 19. d6 Qf7 20. dxc7 Qxc7 21. Nb6 Ra6
22. Nb5 Qb8 23. Nxc8 Qxc8 24. Nd6 Qc7 25. exf5 Nh5 26. fxg6 hxg6 27. Rxf8 Bxf8
28. Ne4 Ngf6 29. Nxf6 Rxf6 30. Qd7 Rf7 31. Qxc7 Rxc7 32. Rd5 Bg7 33. Kh2 Nf6
34. Rd8+ Kh7 35. Bd5 e4 36. b3 Bh6 37. Bd4 Bg7 38. Bc4 Nd7 39. Bg8+ Kh6 40.
Be3+ g5 41. Be6 Ne5 42. Bf5 Nf3+ 43. Kg2 Bf6 44. Rd6 Kg7 45. Bxe4 Ne5 46. a3
Re7 47. Bd4 Nd7 48. Bxf6+ Nxf6 49. Bf3 Re3 50. Rb6 1-0

[Event "Bad Woerishofen op"]
[Site "?"]
[Date "2003.??.??"]
[Round "1"]
[White "Burkhardt, Wilfried"]
[Black "Kohlweyer, Bernd"]
[Result "0-1"]
[WhiteElo "2062"]
[BlackElo "2454"]
[Annotator "ChessOrg"]
[PlyCount "66"]

1. d4 Nf6 2. Nf3 e6 3. c4 d5 4. e3 c5 5. Nc3 Nc6 6. Be2 dxc4 7. Bxc4 a6 8. a4
Qc7 9. Qe2 Bd6 10. h3 O-O 11. O-O b6 12. b3 Bb7 13. Bb2 cxd4 14. exd4 Nb4 15.
Ng5 Qc6 16. f3 Bf4 17. Nge4 Nfd5 18. Bc1 Qc7 19. Rd1 Rfd8 20. Na2 Nxa2 21. Rxa2
Bxc1 22. Rxc1 b5 23. Nc5 bxc4 24. Rxc4 Qe7 25. Rac2 a5 26. Rc1 h6 27. Qf2 Ba6
28. Nxa6 Rxa6 29. Rc5 Nb4 30. Qe3 Qf6 31. Rc8 Rad6 32. R1c4 g5 33. Kh1 Kg7 0-1

[Event "Bad Woerishofen op"]
[Site "?"]
[Date "2003.??.??"]
[Round "1"]
[White "Prie, Eric"]
[Black "Neubauer, Ralf"]
[Result "1-0"]
[WhiteElo "2446"]
[BlackElo "2056"]
[Annotator "ChessOrg"]
[PlyCount "25"]

1. Nf3 d6 2. d4 Bg4 3. e4 Nd7 4. h3 Bxf3 5. Qxf3 e5 6. Be3 c6 7. Nc3 Ngf6 8. g4
g6 9. O-O-O Qe7 10. dxe5 dxe5 11. Bc4 a6 12. g5 Nh5 13. Bxf7+ 1-0

[Event "Bad Woerishofen op"]
[Site "?"]
[Date "2003.??.??"]
[Round "1"]
[White "Martino-Gross, Peter"]
[Black "Henrichs, Thomas"]
[Result "0-1"]
[WhiteElo "2053"]
[BlackElo "2438"]
[Annotator "ChessOrg"]
[PlyCount "58"]

1. c4 g6 2. Nc3 Bg7 3. Nf3 c5 4. g3 Nc6 5. Bg2 d6 6. O-O Qd7 7. e3 Bxc3 8. bxc3
b6 9. d3 Bb7 10. e4 e6 11. Re1 h6 12. Be3 Nge7 13. Nd2 O-O-O 14. a4 Na5 15. Nb3
Nec6 16. Re2 f5 17. f4 Nxb3 18. Qxb3 Na5 19. Qb5 fxe4 20. dxe4 Bc6 21. Qb1 Qf7
22. Bh3 Kb7 23. e5 Ka8 24. exd6 Rxd6 25. Qe1 Rhd8 26. Bf2 Nb3 27. Bxe6 Rxe6 28.
Rxe6 Nd2 29. Rxc6 Nf3+ 0-1

[Event "Bad Woerishofen op"]
[Site "?"]
[Date "2003.??.??"]
[Round "1"]
[White "Sprenger, Jan"]
[Black "Edel, Thomas"]
[Result "1-0"]
[WhiteElo "2431"]
[BlackElo "2052"]
[Annotator "ChessOrg"]
[PlyCount "79"]

1. e4 c5 2. Nf3 Nc6 3. d4 cxd4 4. Nxd4 Nf6 5. Nc3 e5 6. Ndb5 d6 7. Bg5 a6 8.
Na3 b5 9. Bxf6 gxf6 10. Nd5 f5 11. Bd3 Be6 12. O-O Bg7 13. Qh5 Bxd5 14. exd5
Ne7 15. Bxf5 Nxf5 16. Qxf5 Qc8 17. Qd3 O-O 18. c3 f5 19. Nc2 e4 20. Qe2 Qc5 21.
Nb4 Kh8 22. Rfd1 a5 23. Nc6 b4 24. cxb4 axb4 25. Rac1 Qb6 26. Rc4 Rxa2 27. Rxb4
Qc7 28. g3 Qf7 29. Rd2 Ra1+ 30. Kg2 Bh6 31. Rc2 f4 32. Qxe4 f3+ 33. Kh3 Qh5+
34. Qh4 Qf5+ 35. g4 Qxc2 36. Qxh6 Raa8 37. Qxd6 Qg6 38. Qxg6 hxg6 39. d6 Rf6
40. Rd4 1-0

[Event "Bad Woerishofen op"]
[Site "?"]
[Date "2003.??.??"]
[Round "1"]
[White "Pimmingstorfer, Christian"]
[Black "Pirrot, Dieter"]
[Result "0-1"]
[WhiteElo "2050"]
[BlackElo "2411"]
[Annotator "ChessOrg"]
[PlyCount "60"]

1. f4 e5 2. fxe5 Nc6 3. Nf3 g5 4. d4 g4 5. Ng5 Bh6 6. h4 gxh3 7. Nf3 Bxc1 8.
Qxc1 Nxd4 9. Rxh3 d6 10. Nxd4 Bxh3 11. Qe3 Be6 12. Nc3 Qh4+ 13. g3 Qh6 14. Qf3
Ne7 15. exd6 cxd6 16. e3 O-O-O 17. Bg2 d5 18. Rc1 Rhg8 19. Nce2 Bg4 20. Qf4
Qxf4 21. Nxf4 Bf5 22. c4 Rxg3 23. cxd5+ Kb8 24. Kf2 Rg5 25. Rc3 Bb1 26. Rb3
Bxa2 27. d6 Rxg2+ 28. Kxg2 Bxb3 29. dxe7 Rg8+ 30. Kf2 Be6 0-1

[Event "Bad Woerishofen op"]
[Site "?"]
[Date "2003.??.??"]
[Round "1"]
[White "Klundt, Klaus"]
[Black "Vonach, Bernhard"]
[Result "1-0"]
[WhiteElo "2381"]
[BlackElo "2050"]
[Annotator "ChessOrg"]
[PlyCount "75"]

1. e4 e5 2. Nf3 Nc6 3. Bb5 a6 4. Ba4 Nf6 5. O-O Be7 6. Re1 b5 7. Bb3 d6 8. c3
O-O 9. d4 Bg4 10. d5 Bxf3 11. Qxf3 Nb8 12. Nd2 Nbd7 13. Nf1 Re8 14. Ne3 Nf8 15.
Nf5 Ng6 16. a4 Bf8 17. Bg5 Qd7 18. Nxg7 Bxg7 19. Bxf6 Reb8 20. axb5 Qxb5 21.
Ba4 Qxb2 22. h4 Bxf6 23. Qxf6 h5 24. Bd7 Qd2 25. Be6 fxe6 26. Qxg6+ Kh8 27. Re3
Qxe3 28. fxe3 exd5 29. Qxh5+ Kg7 30. Qg5+ Kh7 31. Rf1 Rf8 32. Qe7+ Kg8 33. Rf5
Rxf5 34. exf5 Rf8 35. f6 Rf7 36. Qe8+ Rf8 37. Qg6+ Kh8 38. Qg7# 1-0

[Event "Bad Woerishofen op"]
[Site "?"]
[Date "2003.??.??"]
[Round "1"]
[White "Lamberger, Werner"]
[Black "Heika, Martin"]
[Result "0-1"]
[WhiteElo "2048"]
[BlackElo "2355"]
[Annotator "ChessOrg"]
[PlyCount "140"]

1. Nf3 Nf6 2. c4 e6 3. Nc3 b6 4. g3 Bb7 5. Bg2 Be7 6. O-O O-O 7. Re1 c5 8. e4
d6 9. d4 cxd4 10. Nxd4 Qc8 11. Be3 Na6 12. Ndb5 Rd8 13. Nxa7 Rxa7 14. Bxb6 Ra8
15. Bxd8 Bxd8 16. Nb5 Ne8 17. Qe2 Qc6 18. Rab1 Nc5 19. b4 Na4 20. Rbc1 h6 21.
Rc2 Bf6 22. Qd3 Qb6 23. a3 Nb2 24. Qb3 Nxc4 25. Qxc4 Rc8 26. Qxc8 Bxc8 27. Rxc8
Qxb5 28. e5 Qd7 29. Rxe8+ Qxe8 30. exf6 Qa4 31. Re3 gxf6 32. Bf1 d5 33. b5 Qc2
34. Rd3 Kf8 35. Rd4 Qb2 36. Rb4 Qxa3 37. Rb1 Qa2 38. Rb4 Qa5 39. Rb3 Qb6 40. g4
Ke7 41. Be2 e5 42. Rh3 Qc5 43. Kg2 Qc2 44. Bd3 Qd1 45. Bf5 Qa4 46. b6 Qb4 47.
Rxh6 Qxb6 48. Rh3 e4 49. Re3 Kf8 50. Re1 Kg7 51. h4 Qc7 52. Re2 Qf4 53. Re3 Kh6
54. Kg1 Kg7 55. Kg2 Kf8 56. Kg1 Qh6 57. h5 Qf4 58. Kg2 Kg7 59. Kg1 Kh6 60. Kg2
Kg5 61. Rh3 Kh6 62. Re3 Qe5 63. Kg1 Qa1+ 64. Kg2 Qd1 65. Rg3 Qc1 66. Re3 d4 67.
Rxe4 d3 68. Rd4 d2 69. g5+ Kxg5 70. Bg4 Qc3 0-1

[Event "Bad Woerishofen op"]
[Site "?"]
[Date "2003.??.??"]
[Round "1"]
[White "Hermann, Manfred"]
[Black "Porubszki, Georg"]
[Result "1-0"]
[WhiteElo "2341"]
[BlackElo "2044"]
[Annotator "ChessOrg"]
[PlyCount "57"]

1. e4 d6 2. d4 Nf6 3. Nc3 c6 4. Nf3 Bg4 5. Be2 Qc7 6. h3 Bxf3 7. Bxf3 e5 8. a4
a5 9. Be3 Nbd7 10. O-O Be7 11. Be2 O-O 12. f4 Rfe8 13. Bc4 Bf8 14. Qf3 Re7 15.
Rad1 exd4 16. Bxd4 Rae8 17. Bd3 Nc5 18. Bxc5 dxc5 19. e5 Nd5 20. Nxd5 cxd5 21.
Bb5 Rd8 22. Rxd5 Rxd5 23. Qxd5 g5 24. g3 Qb6 25. Qd6 Qa7 26. Kh2 Re6 27. Qd7
Re7 28. Qg4 Re6 29. Bc4 1-0

[Event "Bad Woerishofen op"]
[Site "?"]
[Date "2003.??.??"]
[Round "1"]
[White "Lotsov, Har-Zahar"]
[Black "Lieb, Harald"]
[Result "0-1"]
[WhiteElo "2039"]
[BlackElo "2336"]
[Annotator "ChessOrg"]
[PlyCount "88"]

1. e4 e6 2. d4 d5 3. exd5 exd5 4. c4 Nf6 5. Nc3 Be7 6. cxd5 Nxd5 7. Bd3 Be6 8.
Nge2 Nc6 9. O-O O-O 10. Nxd5 Bxd5 11. Nf4 g6 12. Be3 Bf6 13. Qa4 a6 14. Rfc1
Ne7 15. Nxd5 Nxd5 16. Be4 c6 17. Bxd5 Qxd5 18. Rc5 Qe4 19. Qb3 Bxd4 20. Rc4 c5
21. Bxd4 cxd4 22. Rd1 Rad8 23. Qd3 Rfe8 24. Qxe4 Rxe4 25. Kf1 Rd5 26. g3 b5 27.
Rb4 a5 28. f3 Re3 29. Rbxd4 Rxd4 30. Rxd4 Rxf3+ 31. Ke2 Rf5 32. b4 a4 33. g4
Re5+ 34. Kd2 h5 35. h3 Kg7 36. a3 Kf6 37. Rd6+ Ke7 38. Rb6 hxg4 39. hxg4 Kf8
40. Rc6 Kg7 41. Rc5 Kf6 42. Rc6+ Kg5 43. Rc5 Kf4 44. Rc7 f5 0-1

[Event "Bad Woerishofen op"]
[Site "?"]
[Date "2003.??.??"]
[Round "1"]
[White "Werner, Clemens"]
[Black "Klaus, Daniel"]
[Result "1/2-1/2"]
[WhiteElo "2334"]
[BlackElo "2033"]
[Annotator "ChessOrg"]
[PlyCount "67"]

1. e4 e6 2. d4 d5 3. Nc3 Bb4 4. Bd3 b6 5. Nge2 Bb7 6. O-O Nd7 7. exd5 exd5 8.
Ng3 Ne7 9. Re1 O-O 10. Bg5 f6 11. Bd2 Re8 12. Qf3 Nf8 13. a3 Bxc3 14. Bxc3 Qd6
15. Bd2 Nfg6 16. Re2 Rad8 17. Rae1 Bc8 18. Qh5 Bd7 19. h3 c5 20. c3 Qc6 21. b3
b5 22. b4 cxd4 23. cxd4 Qb6 24. Rxe7 Rxe7 25. Rxe7 Nxe7 26. Qxh7+ Kf7 27. Qh5+
Kg8 28. Be3 Rc8 29. Qh7+ Kf7 30. h4 Qd8 31. Qh5+ Kg8 32. Qh7+ Kf7 33. Qh5+ Kg8
34. Qh7+ 1/2-1/2

[Event "Bad Woerishofen op"]
[Site "?"]
[Date "2003.??.??"]
[Round "1"]
[White "Koehne, Arno"]
[Black "Dittmar, Peter"]
[Result "0-1"]
[WhiteElo "2030"]
[BlackElo "2320"]
[Annotator "ChessOrg"]
[PlyCount "82"]

1. d4 d5 2. c4 dxc4 3. e3 a6 4. Bxc4 e6 5. Nf3 Nf6 6. O-O c5 7. dxc5 Qxd1 8.
Rxd1 Bxc5 9. b3 b5 10. Be2 Bb7 11. Bb2 Nbd7 12. Nbd2 Ke7 13. Rac1 Rhc8 14. Nd4
g6 15. Bf3 Bxf3 16. N2xf3 Ne4 17. Ne1 e5 18. Ndf3 f6 19. Nd3 Bd6 20. Nfe1 b4
21. f3 Ng5 22. Nc2 a5 23. a3 Nc5 24. Nxc5 Bxc5 25. a4 Ne6 26. Kf2 Bb6 27. Ke2
Rc7 28. Na1 Nc5 29. Rc4 Rac8 30. Rdc1 Ke6 31. R1c2 h5 32. h3 g5 33. f4 gxf4 34.
exf4 Rg8 35. Kf1 Kf5 36. fxe5 fxe5 37. Rf2+ Ke6 38. Re2 Nd3 39. g4 Rf8+ 40. Kg2
Rxc4 41. bxc4 Nf4+ 0-1

[Event "Bad Woerishofen op"]
[Site "?"]
[Date "2003.??.??"]
[Round "1"]
[White "Seifert, Volker"]
[Black "Reichwald, Klaus-Dieter"]
[Result "1-0"]
[WhiteElo "2310"]
[BlackElo "2027"]
[Annotator "ChessOrg"]
[PlyCount "107"]

1. d4 Nf6 2. c4 g6 3. Nc3 Bg7 4. e4 d6 5. f3 O-O 6. Be3 c6 7. Bd3 Nbd7 8. Nge2
c5 9. Qd2 cxd4 10. Nxd4 a6 11. O-O Ne5 12. Be2 Be6 13. b3 Qa5 14. Rac1 Rac8 15.
Nd5 Qd8 16. a4 Nxd5 17. exd5 Bd7 18. h3 Be8 19. Rfe1 Nd7 20. a5 Nc5 21. Rb1 Nd7
22. Bf1 Nf6 23. Bf2 Bd7 24. Bd3 Re8 25. Re2 Kh8 26. Rbe1 Ng8 27. Nc2 Rb8 28.
Ba7 Ra8 29. Bb6 Qc8 30. Nd4 Bh6 31. Qc3 Bg7 32. Qd2 Bh6 33. Qb2 Bg7 34. Qa2 Be5
35. Rf1 Bg7 36. f4 f5 37. Rfe1 Bf6 38. g3 Nh6 39. Qd2 Nf7 40. Kh2 Kg8 41. Re3
h5 42. Nf3 Kh7 43. Bb1 g5 44. fxg5 Nxg5 45. Qe2 Kh6 46. Nxg5 Bxg5 47. Rf3 Rf8
48. Be3 Rf7 49. h4 Bxe3 50. Qxe3+ Kg7 51. Qg5+ Kf8 52. Qxh5 Kg8 53. Ref1 Qf8
54. Bxf5 1-0

[Event "Bad Woerishofen op"]
[Site "?"]
[Date "2003.??.??"]
[Round "1"]
[White "Neumann, Peter"]
[Black "Thiel, Thomas"]
[Result "0-1"]
[WhiteElo "2026"]
[BlackElo "2309"]
[Annotator "ChessOrg"]
[PlyCount "58"]

1. e4 e6 2. d4 d5 3. Nd2 c5 4. c3 cxd4 5. cxd4 Nc6 6. Bb5 dxe4 7. Bxc6+ bxc6 8.
Nxe4 Qd5 9. Qf3 Qxd4 10. Ne2 Bb4+ 11. N4c3 Qc4 12. O-O Ne7 13. b3 Qh4 14. Ne4
f5 15. Ng5 h6 16. Nh3 O-O 17. Bb2 Nd5 18. Nhf4 Bd6 19. g3 Qg5 20. Nd3 f4 21.
Qe4 Bd7 22. Ne5 Bxe5 23. Bxe5 f3 24. Nf4 Rf5 25. Bd6 Re8 26. Kh1 Qg4 27. Rae1
Nxf4 28. Bxf4 Rh5 29. Rg1 Rxh2+ 0-1

[Event "Bad Woerishofen op"]
[Site "?"]
[Date "2003.??.??"]
[Round "1"]
[White "Fischer, Johann"]
[Black "Boettcher, Ulrich"]
[Result "1-0"]
[WhiteElo "2306"]
[BlackElo "2023"]
[Annotator "ChessOrg"]
[PlyCount "77"]

1. d4 f5 2. g3 Nf6 3. Bg2 d6 4. Nf3 g6 5. O-O Bg7 6. Nc3 O-O 7. h3 Qe8 8. Qd3
c6 9. e4 e5 10. dxe5 dxe5 11. Re1 Nxe4 12. Nxe4 fxe4 13. Qxe4 Bf5 14. Qb4 Rf7
15. Ng5 Re7 16. g4 Bc8 17. Be3 Na6 18. Qc4+ Kh8 19. Rad1 h6 20. Ne4 Be6 21. Qa4
Kh7 22. c4 Qg8 23. Bf1 Nc7 24. Qb4 Rf7 25. Qxb7 Rb8 26. Qxc6 Rxb2 27. Rd6 Bc8
28. Bd3 Bb7 29. Qa4 Qf8 30. c5 Rfxf2 31. Nxf2 Qf3 32. Bxg6+ Kh8 33. Rd8+ Bf8
34. Rxf8+ Qxf8 35. Qd7 Qg7 36. Qd8+ Qg8 37. Qxc7 Qxg6 38. Qxe5+ Qg7 39. Bd4 1-0